Statistics for People from Eastern Europe

Click here to take the quiz!

General Stats

  • This quiz has been taken 42 times
  • The average score is 13 of 16

Answer Stats

HintAnswer% Correct
First leader of the Soviet UnionVladimir Lenin
97%
Charitable Albanian-Indian nun and Catholic saintMother Teresa
92%
Inspiration for a Transylvanian Bram Stoker monsterVlad Țepeș
92%
Discoverer of Polonium and Radium born SkłodowskaMarie Curie
89%
Glasnost statesman with a prominent spot on his headMikhail Gorbachev
89%
Polish popeJohn Paul II.
87%
Rides bare-chested, excels in judo, invades CrimeaVladimir Putin
84%
First human in outer spaceYuri Gagarin
84%
Argued for heliocentrism in 1543Nicolaus Copernicus
82%
Scientist and namesake of an Elon Musk companyNikola Tesla
82%
Wrote disturbing tales, among them "The Metamorphosis"Franz Kafka
79%
Author of "Crime and Punishment"Fyodor Dostoevsky
79%
Escape artist who allegedly died from a stomach punchHarry Houdini
76%
French-Polish composer of the Black Key etudeFrédéric Chopin
71%
"That '70s Show" and "Black Swan" star born in UkraineMila Kunis
61%
Five-time Wimbledon winner between 2011 and 2019Novak Djokovic
47%

Score Distribution

Percentile by Number Answered

Percent of People with Each Score

Your Score History

You have not taken this quiz